Journal of urban history

Enregistré dans:
Détails bibliographiques
Format: Publication en série
Langue:anglais
Publié: New Delhi Sage Publications India 1994
Sujets:
Tags: Ajouter un tag
Pas de tags, Soyez le premier à ajouter un tag!

MARC

LEADER 00000nas2a2200000 4500
001 s017992
005 20240109095921.7
022 |a 0096-1442 
041 0 |a eng 
044 |a IN 
245 1 0 |a Journal of urban history 
264 1 |a New Delhi  |b Sage Publications India  |c 1994 
300 |a 1 zv. 
773 0 |w eu_un_cat*s120152 
610 2 0 |a urbanizácia 
610 2 0 |a história